Statystyki dla 10 najbardziej dotkniętych krajów Covid-19 - 9 kwietnia

Kliknij tutaj aby rozwiązać quiz!

Ogólne statystyki

  • Ten quiz został rozwiązany 130 razy
  • Średni wynik to 8 z 14

Statystyki odpowiedzi

stawka
za milion
kraj% Poprawnych
Chiny
94%
1397Stany Zjednoczone
94%
2375Włochy
92%
1804Francja
87%
3261Hiszpania
86%
1394Niemcy
85%
Wielka Brytania
78%
Iran
43%
1369Portugalia
43%
2156Belgia
37%
1471Austria
34%
Turcja
30%
2778Szwajcaria
26%
1331Irlandia
16%

Rozkład punktacji

Percentyl według liczby udzielonych odpowiedzi

Procent ludzi z każdym wynikiem

Twoja historia wyników

Nie rozwiązałeś tego quizu